[Event "Frankfurt Ch 2013"]
[Site "Ffm-Kalbach, LAZ"]
[Date "2013.05.27"]
[Round "4.1"]
[White "Chandler, Patrick"]
[Black "Khenkin, Igor"]
[Result "0-1"]
[WhiteElo "2145"]
[BlackElo "2574"]
[Annotator "Post,Hans D"]
[PlyCount "96"]
[EventDate "2013.??.??"]
[WhiteTeam "Sfr. Schöneck"]
[BlackTeam "Wiesbadener SV 1885"]

1. e4 c6 2. d3 d5 3. Nd2 g6 4. Ngf3 Bg7 5. c3 e5 6. Be2 Ne7 7. d4 exd4 8. Nxd4
c5 9. N4b3 d4 10. cxd4 cxd4 11. Nf3 Nbc6 12. O-O O-O 13. Nc5 Qb6 14. Nd3 Nb4
15. Nxb4 Qxb4 16. Ne1 Nc6 17. Nd3 Qe7 18. Bf3 Be6 19. b3 Rfd8 20. Bf4 Nb4 21.
Be2 Rac8 22. Bd2 a5 23. Nxb4 axb4 24. Bd3 Rc3 25. Qe2 Qc5 26. Kh1 Bd7 27. Bxc3
bxc3 28. a3 Re8 29. f4 b5 30. b4 Qc6 31. a4 bxa4 32. b5 Qa8 33. Qc2 a3 34. f5
gxf5 35. exf5 Bf6 36. Qb3 Re3 37. Bc4 d3 38. Rxa3 Qe8 39. b6 Bc6 40. b7 Bxg2+
$6 ({oeffnet gefaehrliche Linien, die nur Weiss nuetzen, aber Schwarz stand 
bereits mit der Zeit am Abgrund. Besser noch} 40... Re1 41.
Bxd3 Rxf1+ 42. Bxf1 Bxg2+ 43. Kxg2 Qe4+ {und die abgedraengte weisse Dame und
Turm, aber auch der Laeufer können das Dauerschach nicht verhindern. So aber
ueberschlagen sich die Ereignisse.}) 41. Kg1 (41. Kxg2 {ist Matt in 5:} Re2+
42. Kg1 Qe3+ 43. Kh1 Qe4+ 44. Rf3 Qxf3+ 45. Kg1 Bd4#) 41... Bxb7 (41... Bd4 42.
Bxf7+ Kh8 {was sonst? Aber spielt man sowas mit etwa einer Minute Restzeit auf
der Uhr?}) 42. Qxb7 Kg7 43. Ra8 (43. Qg2+ Kh6 44. Ra6 Qe5 45. Kh1 d2 46. Rg1
Rg3 47. hxg3 Qd4 48. Bb3 {rien ne va plus!}) 43... Qe7 44. Qg2+ Kh6 45. Rg8 {
und wieder macht Ta6 den Gewinn fest, so springt die Maschine auf Ausgleich.
Jetzt nutzt der Grossmeister auch in hochgradiger Zeitnot seine Chance} Qc5 46.
Qf2 Qd4 {mit Remisangebot} 47. Bd5 $2 {und wie so oft mit dem Verlustzug
abgelehnt. Besser war noch Lb3 oder Tc8.} c2 48. Bb3 {ein letzter Versuch,
doch nach dem Killerzug} Rf3 $1 {nach wenigen Sekunden des Nachdenkens bei
noch etwa 15 Minuten auf der Uhr von Weiss aufgegeben. Die Stellung ist
verloren, aber Schwarz hat nur noch wenige Sekunden auf der Uhr, und ein schnelles
Matt ist nicht in Sicht. Sehr, sehr Fair!} 0-1

[Event "Frankfurt Ch 2013"]
[Site "Ffm-Kalbach, LAZ"]
[Date "2013.05.27"]
[Round "4.2"]
[White "Milov, Leonid"]
[Black "Uwira, Oliver"]
[Result "1-0"]
[WhiteElo "2538"]
[BlackElo "2201"]
[PlyCount "47"]
[EventDate "2013.??.??"]
[WhiteTeam "SC NT Nürnberg 1873"]
[BlackTeam "SC 1961 König Nied"]

1. e4 e5 2. Nf3 Nc6 3. Bb5 f5 4. Bxc6 bxc6 5. exf5 e4 6. Ne5 Nf6 7. O-O Bd6 8.
d4 Ba6 9. Re1 Qe7 10. Bg5 Bxe5 11. dxe5 Qxe5 12. Bxf6 gxf6 13. Qh5+ Kf8 14. Nc3
d5 15. Rad1 Re8 16. Nxe4 dxe4 17. Rd7 Re7 18. Rd8+ Re8 19. Red1 e3 20. Qh6+ Kg8
21. fxe3 Bc4 22. R1d4 Qxf5 23. Rxe8+ Kf7 24. Rf4 1-0

[Event "Frankfurt Ch 2013"]
[Site "Ffm-Kalbach, LAZ"]
[Date "2013.05.27"]
[Round "4.3"]
[White "Legde, Georg"]
[Black "Rolle, Eric"]
[Result "1-0"]
[WhiteElo "2286"]
[BlackElo "2187"]
[PlyCount "45"]
[EventDate "2013.??.??"]
[WhiteTeam "SK 1858 Gießen"]
[BlackTeam "SK Marburg 1931/72"]

1. c4 Nf6 2. Nc3 c5 3. Nf3 b6 4. g3 Bb7 5. Bg2 g6 6. O-O Bg7 7. Rb1 O-O 8. a3
d5 9. cxd5 Nxd5 10. Qa4 e5 11. d3 Nxc3 12. bxc3 e4 13. dxe4 Bxc3 14. e5 Qc7 15.
Bh6 Rd8 16. Bg5 Rf8 17. Qc4 Bxe5 18. Nxe5 Bxg2 19. Ng4 Qc6 20. Nf6+ Kh8 21. Qh4
h5 22. Nxh5 Qe4 23. Nf4+ 1-0

[Event "Frankfurt Ch 2013"]
[Site "Ffm-Kalbach, LAZ"]
[Date "2013.05.27"]
[Round "4.4"]
[White "Kayser, Felix"]
[Black "Isserman, Ryhor"]
[Result "1/2-1/2"]
[WhiteElo "2158"]
[BlackElo "2258"]
[PlyCount "59"]
[EventDate "2013.??.??"]
[WhiteTeam "Wiesbadener SV 1885"]
[BlackTeam "SK Bad Homburg 1927"]

1. d4 c5 2. d5 Nf6 3. c4 e5 4. Nc3 d6 5. e4 g6 6. Bg5 h6 7. Be3 Bg7 8. h3 O-O
9. Qd2 Kh7 10. Nf3 Nh5 11. g4 Nf4 12. Bxf4 exf4 13. Bd3 Nd7 14. O-O-O Qa5 15.
Kb1 Ne5 16. Qxf4 b5 17. Nxe5 Bxe5 18. Qd2 bxc4 19. Be2 Re8 20. Rc1 Rb8 21. f3
Bd7 22. Rc2 Rb6 23. Bxc4 Reb8 24. Nd1 Qa3 25. Bb3 Rxb3 26. axb3 Qxb3 27. Rc3
Qb4 28. Rc2 Qb3 29. Rc3 Qb4 30. Rc2 1/2-1/2

[Event "Frankfurt Ch 2013"]
[Site "Ffm-Kalbach, LAZ"]
[Date "2013.05.27"]
[Round "4.5"]
[White "Solonar, Stefan"]
[Black "Mager, Denis"]
[Result "1/2-1/2"]
[WhiteElo "2290"]
[BlackElo "1991"]
[PlyCount "66"]
[EventDate "2013.??.??"]
[WhiteTeam "SC Heusenstamm"]
[BlackTeam "TuS Makkabi Ffm"]

1. c4 Nf6 2. Nc3 e5 3. Nf3 Nc6 4. g3 Bb4 5. Bg2 O-O 6. O-O Bxc3 7. bxc3 e4 8.
Ng5 Re8 9. d3 exd3 10. exd3 h6 11. Ne4 b6 12. Rb1 Bb7 13. Be3 Rb8 14. Rb5 Ne5
15. f3 Bc6 16. Rb2 d5 17. cxd5 Nxd5 18. Bd4 f5 19. f4 Ng4 20. Qb3 Kh7 21. Nf2
Nge3 22. Bxe3 Rxe3 23. Qc4 Qd7 24. Nd1 Re6 25. Qd4 Rbe8 26. c4 Ne3 27. Qxd7
Bxd7 28. Nxe3 Rxe3 29. Rd2 Re2 30. Rf2 Re1+ 31. Rf1 R1e2 32. Rxe2 Rxe2 33. Rf2
Re1+ 1/2-1/2

[Event "Frankfurt Ch 2013"]
[Site "Ffm-Kalbach, LAZ"]
[Date "2013.05.27"]
[Round "4.6"]
[White "Stockmann, Michael"]
[Black "Fußnecker, Manfred"]
[Result "1/2-1/2"]
[WhiteElo "2256"]
[BlackElo "1868"]
[PlyCount "61"]
[EventDate "2013.??.??"]
[WhiteTeam "Sfr. Schöneck"]
[BlackTeam "Sfr. Frankfurt 1921"]

1. d4 Nf6 2. Nf3 c5 3. e3 cxd4 4. exd4 e6 5. c4 d5 6. Nc3 Nc6 7. a3 a6 8. Bd3
dxc4 9. Bxc4 Bd6 10. O-O O-O 11. Bg5 b5 12. Bd3 Be7 13. Qc2 Nxd4 14. Nxd4 Qxd4
15. Be4 Rb8 16. Rad1 Qc5 17. Bxf6 Bxf6 18. Bxh7+ Kh8 19. Be4 b4 20. Rd3 g6 21.
Rh3+ Kg7 22. Qd2 Bg5 23. Na4 Qb5 24. Qd1 Rd8 25. Qb3 Bd7 26. Bc2 Qxa4 27. Qxa4
Bxa4 28. Bxa4 Bf6 29. axb4 Rxb4 30. b3 Rd2 31. Rf3 1/2-1/2

[Event "Frankfurt Ch 2013"]
[Site "Ffm-Kalbach, LAZ"]
[Date "2013.05.27"]
[Round "4.7"]
[White "Holvason, Juri"]
[Black "Hilbenz, Guntram"]
[Result "1-0"]
[WhiteElo "2200"]
[BlackElo "1824"]
[PlyCount "77"]
[EventDate "2013.??.??"]
[WhiteTeam "SC Brett vor'm Kopp Ffm"]
[BlackTeam "SC Bad Nauheim"]

1. Nf3 d6 2. g3 e5 3. Bg2 Nf6 4. O-O Be7 5. b3 O-O 6. Bb2 c6 7. d3 Nbd7 8. Nbd2
Re8 9. e4 Nc5 10. Nh4 a5 11. Nf5 Bf8 12. Ne3 d5 13. exd5 cxd5 14. f4 e4 15. d4
Na6 16. g4 g6 17. c4 Nb4 18. Bc3 Bg7 19. a3 Nc6 20. g5 Nh5 21. cxd5 Nxd4 22.
Nxe4 Nf5 23. Nxf5 Bxf5 24. Bxg7 Bxe4 25. Bc3 Bxg2 26. Qd4 f6 27. Kxg2 Qd6 28.
Rad1 Re2+ 29. Kh1 Rae8 30. gxf6 Kf7 31. Bxa5 R8e3 32. Rc1 Rh3 33. Rf2 Rxf2 34.
Qxf2 Qxd5+ 35. Kg1 Rf3 36. Rc7+ Kg8 37. f7+ Kg7 38. Qb2+ Kh6 39. f8=Q+ 1-0

[Event "Frankfurt Ch 2013"]
[Site "Ffm-Kalbach, LAZ"]
[Date "2013.05.27"]
[Round "4.8"]
[White "Gräbner, Walter"]
[Black "Hristovski, Srdzan"]
[Result "1/2-1/2"]
[WhiteElo "1956"]
[BlackElo "2136"]
[PlyCount "56"]
[EventDate "2013.??.??"]
[WhiteTeam "SC 1961 König Nied"]
[BlackTeam "Kumanovo"]

1. d4 d5 2. c4 e6 3. Nc3 Nf6 4. Nf3 Be7 5. e3 b6 6. cxd5 exd5 7. Qc2 O-O 8. Bd3
Bb7 9. O-O c5 10. b3 Nc6 11. a3 h6 12. Bb2 Re8 13. Rac1 cxd4 14. exd4 a6 15.
Rfe1 b5 16. b4 Qb6 17. Qb3 Rad8 18. Bf1 Bc8 19. h3 Bf5 20. Rcd1 Be4 21. Nxe4
dxe4 22. Ne5 Rf8 23. d5 Nxe5 24. Bxe5 Rfe8 25. Qg3 Bf8 26. Bc7 Qb7 27. Bxd8
Rxd8 28. Qe5 Bd6 1/2-1/2

[Event "Frankfurt Ch 2013"]
[Site "Ffm-Kalbach, LAZ"]
[Date "2013.05.27"]
[Round "4.9"]
[White "Zimpfer, Andreas"]
[Black "Biegel, Thomas"]
[Result "1/2-1/2"]
[WhiteElo "1837"]
[BlackElo "2018"]
[PlyCount "77"]
[EventDate "2013.??.??"]
[WhiteTeam "SC Butzbach 2000"]
[BlackTeam "SC Steinbach"]

1. d4 d5 2. c4 c6 3. Nc3 Nf6 4. Nf3 dxc4 5. a4 Bf5 6. Ne5 Nbd7 7. Nxc4 Qc7 8.
g3 e5 9. dxe5 Nxe5 10. Bf4 Nfd7 11. Bg2 f6 12. O-O Rd8 13. Qc1 Nc5 14. Bxe5
fxe5 15. Qg5 g6 16. Rad1 Be7 17. Qh6 Ne6 18. Ne4 Bxe4 19. Bxe4 Bg5 20. Qh3 Kf7
21. e3 Bf6 22. Bc2 Ng5 23. Qg2 Qe7 24. f4 exf4 25. gxf4 Ne6 26. Kh1 Rxd1 27.
Rxd1 Rd8 28. Rxd8 Qxd8 29. f5 gxf5 30. Qd2 Qxd2 31. Nxd2 Kg6 32. b3 Bc3 33. Nf3
Kf6 34. Kg2 h6 35. Kf2 Ng5 36. Nh4 Ne4+ 37. Ke2 Be5 38. Nxf5 Kxf5 39. h3
1/2-1/2

[Event "Frankfurt Ch 2013"]
[Site "Ffm-Kalbach, LAZ"]
[Date "2013.05.27"]
[Round "4.10"]
[White "Göbel, Andreas"]
[Black "Telljohann, Sven"]
[Result "0-1"]
[WhiteElo "1932"]
[BlackElo "2391"]
[PlyCount "64"]
[EventDate "2013.??.??"]
[WhiteTeam "SC Brett vor'm Kopp Ffm"]
[BlackTeam "Sfr. Schöneck"]

1. c4 e5 2. Nc3 Nc6 3. g3 Nf6 4. Bg2 Bc5 5. e3 O-O 6. Nge2 Re8 7. O-O a6 8. a3
d6 9. b4 Ba7 10. d4 h6 11. Bb2 exd4 12. Nxd4 Nxd4 13. exd4 Bg4 14. Qd3 c6 15.
Rae1 Qd7 16. d5 c5 17. Ne4 Nxe4 18. Bxe4 f5 19. Bg2 Rxe1 20. Rxe1 Re8 21. Re6
f4 22. Qg6 Rxe6 23. dxe6 Bxe6 24. Qxe6+ Qxe6 25. Bd5 Qxd5 26. cxd5 fxg3 27.
hxg3 h5 28. Kg2 Kf7 29. f3 b5 30. g4 g6 31. Kg3 c4 32. f4 Be3 0-1

[Event "Frankfurt Ch 2013"]
[Site "Ffm-Kalbach, LAZ"]
[Date "2013.05.27"]
[Round "4.11"]
[White "Pauly, Markus"]
[Black "Minor, Samuel"]
[Result "0-1"]
[WhiteElo "1930"]
[BlackElo "2174"]
[PlyCount "62"]
[EventDate "2013.??.??"]
[WhiteTeam "Sfr.Erbach"]
[BlackTeam "Wiesbadener SV 1885"]

1. c4 e5 2. g3 Nc6 3. Bg2 Bc5 4. e3 d6 5. Nc3 a6 6. Nge2 Nf6 7. O-O O-O 8. a3
Ba7 9. h3 Be6 10. Nd5 Nd7 11. Kh2 f5 12. d3 Rb8 13. Qc2 Ne7 14. f4 c6 15. Nxe7+
Qxe7 16. fxe5 dxe5 17. b4 Rbc8 18. c5 Bb8 19. Bb2 h5 20. e4 h4 21. Rf3 hxg3+
22. Nxg3 f4 23. Ne2 Qh4 24. Qc3 Rf6 25. Raf1 g5 26. Kg1 g4 27. hxg4 Bxg4 28.
R3f2 Rcf8 29. Bf3 Bxf3 30. Qb3+ Kg7 31. Rxf3 Rg6+ 0-1

[Event "Frankfurt Ch 2013"]
[Site "Ffm-Kalbach, LAZ"]
[Date "2013.05.27"]
[Round "4.13"]
[White "Schwenkreis, Thomas"]
[Black "Dürmeier, Roland"]
[Result "1-0"]
[WhiteElo "2128"]
[BlackElo "1891"]
[PlyCount "118"]
[EventDate "2013.??.??"]
[WhiteTeam "SC Brett vor'm Kopp Ffm"]
[BlackTeam "SG Wächtersbach/Sotzbach"]

1. e4 c6 2. d4 d5 3. e5 c5 4. dxc5 Nc6 5. Bb5 e6 6. Be3 Nge7 7. c3 Bd7 8. Bxc6
Bxc6 9. Bd4 Nf5 10. Nf3 Be7 11. O-O O-O 12. Nbd2 a5 13. Re1 Qc7 14. b4 Bd7 15.
a3 Rfc8 16. Nf1 Nxd4 17. cxd4 b6 18. Ng3 Qc6 19. Nh5 axb4 20. axb4 Rxa1 21.
Qxa1 Ra8 22. Qc3 Qb5 23. Nd2 Kh8 24. h3 Ra4 25. Ra1 bxc5 26. bxc5 Rxa1+ 27.
Qxa1 h6 28. Qc3 Qe2 29. Nf3 Qd1+ 30. Kh2 Qa4 31. Nf4 Bd8 32. Qb2 Bb5 33. Ne2
Bc6 34. Qb8 Qa5 35. Qc8 Be8 36. Nc3 Kg8 37. Nd1 Kh7 38. Ne3 Kg8 39. h4 Kh7 40.
g4 g6 41. Kg3 Kg7 42. Qb7 Bb5 43. Nc2 Bd3 44. Qb2 Be4 45. Nce1 Qa4 46. Nd2 Qd1
47. Ng2 Bxg2 48. Kxg2 Qxg4+ 49. Kf1 Qxh4 50. Qc3 Qg4 51. Nf3 h5 52. c6 Bc7 53.
Nh2 Qg5 54. Qb2 Qd8 55. Nf3 Qb8 56. Qc3 Qb1+ 57. Kg2 Qe4 58. Kf1 h4 59. Qe3 Qg4
{Rest unleserlich!} 1-0

[Event "Frankfurt Ch 2013"]
[Site "Ffm-Kalbach, LAZ"]
[Date "2013.05.27"]
[Round "4.14"]
[White "Kaliski, Erwin"]
[Black "Zimmer, Gerald"]
[Result "1-0"]
[WhiteElo "2106"]
[BlackElo "1882"]
[PlyCount "75"]
[EventDate "2013.??.??"]
[WhiteTeam "SC Bad Nauheim"]
[BlackTeam "SC Bergen-Enkheim 1922"]

1. e4 e6 2. d4 d5 3. Nd2 Nc6 4. Ngf3 Nf6 5. e5 Ng4 6. c3 f6 7. h3 Nh6 8. Bd3
Bd7 9. O-O Nf7 10. Re1 fxe5 11. dxe5 Qe7 12. b4 g6 13. Nb3 Bh6 14. a4 Bxc1 15.
Qxc1 O-O 16. Bb5 b6 17. Bxc6 Bxc6 18. Nbd4 Bb7 19. b5 Qd7 20. a5 a6 21. axb6
cxb6 22. bxa6 Bxa6 23. Qb2 Rfb8 24. Ra3 Bb7 25. Rb3 Bc8 26. Rxb6 Rxb6 27. Qxb6
h6 28. Rb1 Ra7 29. Qb8 Nd8 30. Rb6 Qc7 31. Nb5 Ra1+ 32. Kh2 Qc4 33. Nfd4 Ra2
34. Rd6 Nf7 35. Rc6 Qf1 36. Qxc8+ Kg7 37. Nxe6+ Kh7 38. Qf8 1-0

[Event "Frankfurt Ch 2013"]
[Site "Ffm-Kalbach, LAZ"]
[Date "2013.05.27"]
[Round "4.15"]
[White "Penzel, Nils"]
[Black "Gutacker, Stephan"]
[Result "1/2-1/2"]
[WhiteElo "2062"]
[BlackElo "1873"]
[PlyCount "83"]
[EventDate "2013.??.??"]
[WhiteTeam "SSG Rödermark/Eppertshausen"]
[BlackTeam "Sfr.1932 Kelkheim"]

1. d4 Nf6 2. Nf3 d5 3. c4 c6 4. Qc2 e6 5. g3 Be7 6. Bg2 O-O 7. O-O Nbd7 8. Rd1
b6 9. b3 Bb7 10. Nc3 Re8 11. e4 dxe4 12. Nxe4 Nxe4 13. Qxe4 Nf6 14. Qc2 Qc8 15.
c5 Nd5 16. Ne5 Bf6 17. Nc4 Qc7 18. Bb2 Ba6 19. Nd6 Red8 20. a3 Be7 21. Ne4 Nf6
22. Ng5 Bb7 23. h4 h6 24. Nf3 a5 25. Ne5 Nd5 26. Rac1 b5 27. Qe4 b4 28. a4 Ba6
29. Re1 Bf6 30. Ng4 Qe7 31. Qf3 Rac8 32. Re4 h5 33. Nxf6+ Nxf6 34. Re5 g6 35.
Rd1 Ng4 36. Ree1 Qf6 37. Bc1 Qxf3 38. Bxf3 Nf6 39. Bg5 Kg7 40. Kg2 Rd7 41. Rd2
Nd5 42. Bxd5 1/2-1/2

[Event "Frankfurt Ch 2013"]
[Site "Ffm-Kalbach, LAZ"]
[Date "2013.05.27"]
[Round "4.17"]
[White "Maier, Martin"]
[Black "Lebermann, Hellmuth"]
[Result "1-0"]
[WhiteElo "2046"]
[BlackElo "1858"]
[PlyCount "107"]
[EventDate "2013.??.??"]
[WhiteTeam "SK Salzgitter-Bad"]
[BlackTeam "SK Bad Homburg 1927"]

1. Nf3 Nf6 2. c4 g6 3. Nc3 d5 4. cxd5 Nxd5 5. d4 Bg7 6. Bd2 O-O 7. e3 c5 8. Rc1
cxd4 9. Nxd4 Nxc3 10. Bxc3 a6 11. Bc4 e5 12. Nf3 Qxd1+ 13. Rxd1 Bg4 14. Bd5 Nc6
15. h3 Bxf3 16. gxf3 Rfd8 17. Bxc6 Rxd1+ 18. Kxd1 Rd8+ 19. Ke2 bxc6 20. Rc1 f6
21. Bb4 Rb8 22. Ba3 Rb6 23. Rd1 g5 24. Rd7 Rb8 25. b3 a5 26. Bd6 Ra8 27. Kd3 a4
28. b4 f5 29. Kc4 h5 30. Kc5 h4 31. Kxc6 g4 32. fxg4 fxg4 33. hxg4 h3 34. Bc5
Bf8 35. Rd1 Bxc5 36. bxc5 a3 37. Kb7 Ra4 38. Rh1 Rb4+ 39. Kc6 Rb2 40. Rxh3 Rxa2
41. Rh1 Kf7 42. Kd5 Kf6 43. c6 Rd2+ 44. Ke4 Rc2 45. Ra1 Rxc6 46. Rxa3 Rc4+ 47.
Kf3 e4+ 48. Kg3 Rc2 49. Ra5 Ke6 50. Rf5 Rb2 51. Rf8 Ke5 52. Re8+ Kd5 53. g5 Rb7
54. Rf8 1-0

[Event "Frankfurt Ch 2013"]
[Site "Ffm-Kalbach, LAZ"]
[Date "2013.05.27"]
[Round "4.18"]
[White "Braunberger, Gerald"]
[Black "Marzahn, Heiko"]
[Result "0-1"]
[WhiteElo "1883"]
[BlackElo "2037"]
[PlyCount "68"]
[EventDate "2013.??.??"]
[WhiteTeam "SK Bad Homburg 1927"]
[BlackTeam "Sfr.Erbach"]

1. Nf3 d5 2. d4 c6 3. c4 e6 4. b3 f5 5. g3 Nf6 6. Bg2 Bd6 7. O-O Qe7 8. Ne5 O-O
9. Qc2 Ne4 10. Nd2 a5 11. f3 Bxe5 12. dxe5 Qc5+ 13. Kh1 Nf2+ 14. Rxf2 Qxf2 15.
Ba3 Rd8 16. cxd5 Qxe2 17. Bd6 cxd5 18. f4 Qh5 19. Bxb8 Rxb8 20. Qc7 Bd7 21. Bf3
Qe8 22. Qxa5 Rbc8 23. Bd1 Bb5 24. Nf3 d4 25. Qb4 Qd7 26. a4 Bc6 27. Ra2 Be4 28.
Kg2 Rc1 29. Qd2 Qc6 30. Kf2 Qc3 31. Ne1 Qe3+ 32. Kf1 Rdc8 33. Qxe3 dxe3 34. Be2
Rxe1+ 0-1

[Event "Frankfurt Ch 2013"]
[Site "Ffm-Kalbach, LAZ"]
[Date "2013.05.27"]
[Round "4.19"]
[White "Calvi, Stefan"]
[Black "Koch, Markus"]
[Result "1-0"]
[WhiteElo "2014"]
[BlackElo "2105"]
[PlyCount "97"]
[EventDate "2013.??.??"]
[WhiteTeam "Sfr. Frankfurt 1921"]
[BlackTeam "SC Brett vor'm Kopp Ffm"]

1. e4 c5 2. c3 d5 3. exd5 Qxd5 4. d4 e6 5. Nf3 Nf6 6. Be3 cxd4 7. cxd4 Bb4+ 8.
Nc3 O-O 9. Bd3 b6 10. O-O Bxc3 11. bxc3 Ba6 12. Bxa6 Nxa6 13. Qe2 Nb8 14. c4
Qf5 15. Ne5 Rc8 16. f3 Nfd7 17. g4 Qf6 18. g5 Qe7 19. f4 Nc6 20. Nxd7 Qxd7 21.
Rad1 Na5 22. c5 Qd5 23. Qg2 Re8 24. f5 Rad8 25. Bf4 bxc5 26. Qxd5 Rxd5 27. fxe6
fxe6 28. dxc5 Rxc5 29. Rd7 Nc6 30. Be3 Rf5 31. Rc1 Ne5 32. Rxa7 Ng4 33. Bd2 Ne5
34. Be3 Rb8 35. Rac7 Rb2 36. R1c2 Nf3+ 37. Kh1 Rb4 38. R2c4 Rxc4 39. Rxc4 Re5
40. Rc3 Nh4 41. a4 Nf5 42. Bc5 Re1+ 43. Kg2 e5 44. a5 e4 45. a6 Re2+ 46. Kh3
Rd2 47. Bb6 Ra2 48. Rc8+ Kf7 49. a7 1-0

[Event "Frankfurt Ch 2013"]
[Site "Ffm-Kalbach, LAZ"]
[Date "2013.05.27"]
[Round "4.20"]
[White "Sandten, Ulrich"]
[Black "Thomele, Michael"]
[Result "1/2-1/2"]
[WhiteElo "2024"]
[BlackElo "1828"]
[PlyCount "58"]
[EventDate "2013.??.??"]
[WhiteTeam "SF Vonkeln 1931"]
[BlackTeam "SC 1959 Obernau"]

1. e4 c5 2. Nf3 Nc6 3. Bb5 d6 4. c3 Bd7 5. O-O g6 6. d4 cxd4 7. cxd4 Bg7 8. Nc3
a6 9. Bc4 b5 10. Bb3 Na5 11. Bc2 Bg4 12. Be3 Nc4 13. h3 Bxf3 14. Qxf3 Nxb2 15.
a4 Rc8 16. Bb3 e6 17. Qe2 Nc4 18. axb5 Nxe3 19. Qxe3 axb5 20. Nxb5 Ne7 21. Na7
Rb8 22. Ba4+ Kf8 23. Rfb1 Kg8 24. Rxb8 Qxb8 25. Nc6 Qc7 26. Rc1 h6 27. Qf4 Nxc6
28. Rxc6 Qa7 29. Rc8+ Kh7 1/2-1/2

[Event "Frankfurt Ch 2013"]
[Site "Ffm-Kalbach, LAZ"]
[Date "2013.05.27"]
[Round "4.21"]
[White "Ortinau, Peter"]
[Black "Rolf, Marco"]
[Result "1-0"]
[WhiteElo "2022"]
[BlackElo "1819"]
[PlyCount "69"]
[EventDate "2013.??.??"]
[WhiteTeam "SC Pirmasens 1912"]
[BlackTeam "SK Bad Homburg 1927"]

1. d4 d5 2. c4 c6 3. Nf3 dxc4 4. e3 b5 5. a4 e6 6. axb5 cxb5 7. b3 Bb4+ 8. Bd2
Bxd2+ 9. Qxd2 a5 10. Be2 Nf6 11. O-O Bb7 12. Na3 O-O 13. Nxb5 cxb3 14. Ra4 Qb6
15. Qb2 Bd5 16. Nd2 Na6 17. Nc3 Rfb8 18. Nxd5 exd5 19. Ra3 Rc8 20. Rxb3 Nb4 21.
Ra1 Qc7 22. Bd1 Rab8 23. Qa3 h6 24. Qxa5 Qxa5 25. Rxa5 Rc1 26. Rb1 Rxb1 27.
Nxb1 Nd3 28. Nc3 Rb2 29. Ra8+ Kh7 30. Ra2 Rxa2 31. Nxa2 g6 32. Bc2 Nb2 33. Nc3
Kg7 34. Bb3 Nc4 35. Nxd5 1-0

[Event "Frankfurt Ch 2013"]
[Site "Ffm-Kalbach, LAZ"]
[Date "2013.05.27"]
[Round "4.22"]
[White "Holzschuh, Gerald"]
[Black "Goldt, Rainer"]
[Result "1-0"]
[WhiteElo "2008"]
[BlackElo "1818"]
[PlyCount "104"]
[EventDate "2013.??.??"]
[WhiteTeam "SC Bad Nauheim"]
[BlackTeam "Kreuznacher SV 1921"]

1. Nf3 d5 2. g3 e6 3. Bg2 f5 4. c4 Nf6 5. a3 Bd6 6. d3 c6 7. Nc3 O-O 8. O-O Bd7
9. e4 Qc7 10. Re1 fxe4 11. dxe4 Nxe4 12. Nxe4 dxe4 13. Ng5 e5 14. c5 Bxc5 15.
Qb3+ Kh8 16. Nf7+ Rxf7 17. Qxf7 Na6 18. Be3 Rf8 19. Qc4 Bxe3 20. Rxe3 Qb6 21.
b4 Bf5 22. Bxe4 Bxe4 23. Qxe4 Nc7 24. Qxe5 Nd5 25. Rf3 Rd8 26. Re1 h6 27. Rf7
Rg8 28. g4 Qd8 29. Rxb7 Qc8 30. Rxa7 Qxg4+ 31. Qg3 Qd4 32. Rf7 Qc4 33. h4 Nc3
34. Rfe7 Nd5 35. R7e4 Qc2 36. Kh2 Qd2 37. R1e2 Qd1 38. Re8 Qd4 39. R2e4 Qd2 40.
Rxg8+ Kxg8 41. Qf3 Nf6 42. Re6 Qd4 43. Rxc6 Qxh4+ 44. Kg1 Qg5+ 45. Qg3 Qf5 46.
Qb3+ Kh8 47. Qe6 Qg5+ 48. Kf1 Kh7 49. Rc5 Qd2 50. Qf5+ Kh8 51. Rc8+ Ng8 52. Qe6
Qd1+ 1-0

[Event "Frankfurt Ch 2013"]
[Site "Ffm-Kalbach, LAZ"]
[Date "2013.05.27"]
[Round "4.23"]
[White "Kuban, Günther"]
[Black "Makilla, Tobias"]
[Result "1-0"]
[WhiteElo "2003"]
[BlackElo "1807"]
[PlyCount "93"]
[EventDate "2013.??.??"]
[WhiteTeam "SV Oberursel"]
[BlackTeam "Sfr.1932 Kelkheim"]

1. d4 d5 2. Nf3 Nc6 3. Bf4 Bf5 4. e3 e6 5. Bd3 Bxd3 6. cxd3 Bd6 7. Bxd6 cxd6 8.
O-O Qb6 9. Nbd2 Qxb2 10. Rb1 Qxa2 11. Rxb7 Nge7 12. Ng5 O-O 13. Qh5 h6 14. Ndf3
Rab8 15. Rxb8 Nxb8 16. e4 Qe2 17. Qh3 Qxd3 18. Nxe6 Rc8 19. Nxg7 Kxg7 20. Qg4+
Kf8 21. Qh3 dxe4 22. Qxh6+ Ke8 23. Ng5 Qxd4 24. Qh7 Qe5 25. Qxf7+ Kd7 26. Nh7
Nbc6 27. Nf6+ Kc7 28. Ne8+ Kd8 29. Nf6 Kc7 30. Ne8+ Rxe8 31. Qxe8 d5 32. Qf8 d4
33. Qh6 d3 34. Rc1 Qd6 35. Qe3 Qd5 36. Qxa7+ Kd6 37. Qa3+ Ke6 38. Re1 Nd4 39.
Qxd3 Kf5 40. Qh3+ Kf6 41. Qh4+ Kf7 42. Qxe4 Qc5 43. g4 Ng6 44. Rd1 Ne6 45. Qf5+
Ke7 46. Re1 Ngf4 47. Qxc5+ 1-0

[Event "Frankfurt Ch 2013"]
[Site "Ffm-Kalbach, LAZ"]
[Date "2013.05.27"]
[Round "4.25"]
[White "Kretner, Georg-Ulrich"]
[Black "Achtmann, Armin"]
[Result "1-0"]
[WhiteElo "1796"]
[BlackElo "1984"]
[PlyCount "69"]
[EventDate "2013.??.??"]
[WhiteTeam "SC Bad Nauheim"]
[BlackTeam "TuS Dotzheim"]

1. d4 f5 2. g3 Nf6 3. Bg2 d5 4. Nf3 e6 5. O-O Bd6 6. b3 O-O 7. c4 c6 8. Ba3
Bxa3 9. Nxa3 Qe7 10. Nc2 Nbd7 11. Nce1 Ne4 12. Nd3 g5 13. e3 g4 14. Nfe5 Nxe5
15. Nxe5 Bd7 16. h3 gxh3 17. Bxe4 dxe4 18. Qh5 Be8 19. Qxh3 Qg5 20. Kg2 h5 21.
Rh1 Kg7 22. Qh4 Qxh4 23. Rxh4 Rd8 24. c5 b6 25. Rc1 Kf6 26. a4 Rg8 27. Rhh1
bxc5 28. Rxc5 Rd5 29. Rhc1 h4 30. Nxc6 hxg3 31. fxg3 Bh5 32. Ne5 Rdd8 33. Rh1
Rh8 34. Rh4 Rb8 35. Nd7+ 1-0

[Event "Frankfurt Ch 2013"]
[Site "Ffm-Kalbach, LAZ"]
[Date "2013.05.27"]
[Round "4.26"]
[White "Orwatsch, Gerhard"]
[Black "Fröhlich-Dill, Astrid"]
[Result "1/2-1/2"]
[WhiteElo "1969"]
[BlackElo "1816"]
[PlyCount "79"]
[EventDate "2013.??.??"]
[WhiteTeam "SC Butzbach 2000"]
[BlackTeam "SV 1920 Hofheim"]

1. d4 Nf6 2. Nf3 e6 3. Bg5 c5 4. e3 cxd4 5. exd4 d5 6. c3 Qb6 7. Qb3 Qxb3 8.
axb3 Bd6 9. Nbd2 Nc6 10. Bd3 h6 11. Bh4 Nh5 12. Bg3 Nxg3 13. hxg3 Bd7 14. b4 b6
15. Ba6 Bc8 16. O-O O-O 17. Rfe1 Re8 18. Bb5 Bd7 19. Nb3 Nb8 20. Bd3 g5 21. Ne5
Re7 22. Ra2 Be8 23. b5 Kg7 24. Rea1 f6 25. Ng4 h5 26. Ne3 f5 27. Bxf5 Bxb5 28.
Bc2 Nc6 29. Nd2 Na5 30. Re1 Kf6 31. c4 Nxc4 32. Nexc4 Bxc4 33. Nxc4 dxc4 34.
Be4 Rd8 35. Rc1 Rc7 36. Ra4 b5 37. Ra6 Ke7 38. Rca1 b4 39. Rxa7 Rdd7 40. Rxc7
1/2-1/2

[Event "Frankfurt Ch 2013"]
[Site "Ffm-Kalbach, LAZ"]
[Date "2013.05.27"]
[Round "4.27"]
[White "Bittner, Peter"]
[Black "Böhle, Reinhard"]
[Result "1-0"]
[WhiteElo "1714"]
[BlackElo "1966"]
[PlyCount "134"]
[EventDate "2013.??.??"]
[WhiteTeam "SC 1961 König Nied"]
[BlackTeam "SV Maintal 1934"]

1. e4 d6 2. d4 g6 3. Nf3 Bg7 4. c3 Nd7 5. Bc4 Nb6 6. Bb3 Nf6 7. Qe2 O-O 8. O-O
a5 9. a3 Bd7 10. Rd1 Ba4 11. Bxa4 Nxa4 12. e5 Ne8 13. e6 f6 14. b3 Nb6 15. d5
c6 16. c4 f5 17. Ra2 Nf6 18. dxc6 bxc6 19. Ng5 a4 20. b4 d5 21. Rc2 Qb8 22. c5
Nc4 23. Nd2 Ng4 24. g3 Nge5 25. f4 Nxd2 26. Bxd2 Ng4 27. Nf3 Qc8 28. Bc3 Bxc3
29. Rxc3 Nf6 30. Nd4 Ne4 31. Rcc1 Rf6 32. Qe3 Qe8 33. Rb1 Rc8 34. Rdc1 h6 35.
Rb2 g5 36. Rf1 g4 37. Qc1 h5 38. Rg2 Qf8 39. Qc2 Ra8 40. Nxc6 Rxe6 41. Ne5 Qb8
42. Rd1 Rxe5 43. fxe5 Qxe5 44. Qb2 Nc3 45. Rf1 e6 46. Qd2 Ne4 47. Qd3 Ng5 48.
Re2 Qf6 49. Rc1 f4 50. c6 f3 51. Rec2 f2+ 52. Kf1 Nf3 53. Rxf2 Nxh2+ 54. Kg2
Nf3 55. c7 Rc8 56. Qa6 Rf8 57. Rcf1 Qc3 58. Qxe6+ Kg7 59. Qxd5 Qxc7 60. Qxh5
Qc4 61. Qc5 Qe4 62. Rxf3 gxf3+ 63. Kg1 Qg4 64. Qe5+ Kg6 65. Qd6+ Rf6 66. Qe5
Qh3 67. Rf2 Rf5 1-0